000
00217 a2200097 4500
001
11093
100
_a
Sabut Hassan
245
_a
Pakistan may Tazib Ka Irtiqa
260
_a
_b
Picador Pan Book
_c
090
_c
8650
_d
8650
942
_a
NUST-CAE
_c
M
_c
35434
999
_c
246166
_d
246166